00978nas a2200229Ia 4500001001100000003000900011008004100020040001300061040001300074041001300087100004300100210001900143222001900162245010600181250001100287260002300298501008600321300001800407362001600425500026400441650004300705R109/G8422IT-RoPAU151124c99999999xx |||||||||||| ||und|| aIT-RoPAU cIT-RoPAU aFRANCESE aBaric DanielgCodice Aut. SPICS: 55855 aCOMMUNICATIONS aCommunications aCOMMUNICATIONS, N.71 (2001)bJoseph Roth Et L'Art Du Reportage A L'Epoque De la Nouvelle Objectivite' a1a ed. aPARISbSEUILc2001 bPaulus - SPICS - Società San Paolo EM (non-commercial uses only)cCopyright2015 a37 p. [13-49] aN.71 (2001) aJoseph Roth e L'Arte del Reportage All'Epoca della Nuova Oggettività. Tempi Irregolari: Primi Articoli Dal 1919 al 1925. Sceneggiati, Reportages su Berlino e la Critica della Modernità. 1925-1928: Periodo dei Grandi Reportages in Francia e in Russia. Viag aCOMUNICAZIONEvPUBBLICAZIONE PERIODICA